=LDR 00000nam 2200000 4500 =001 INLIS000000000047261 =005 20150923145731.0 =006 =007 =008 =035 ##$$0010-091500000000091 =082 ##$$a 372.076 =090 ##$$a 372.076 pap p.1 =100 ##$$a intan pariwara =245 ##$$a ppt =260 ##$$a intan pariwara =300 ##$$a hln.196 =850 ##$$a NPBMAT =990 ##$$a 0001/BPAP-NTB/2015